Statistiques concernant pays ou il y a plus de tremblement de terre

Cliquez ici pour prendre le quiz!

Statistiques générales

  • Ce quiz a été pris 84 fois
  • Le résultat moyen est 7 sur 12

Statistiques - réponses

nombrepays% Correct
61Japon
99%
157Chine
92%
41Etats unis
92%
113Indonesie
81%
32Inde
69%
32Mexique
68%
77Turquie
62%
106Iran
39%
33Italie
39%
32Grèce
35%
32Afghanistan
28%
44Perou
26%

Distribution des résultats

Percentile par nombre de réponses

% des personnes avec chaque résultat

Votre développement - résultats

Vous n’avez pas pris ce quiz